| 000 | 01042pam a2200289 a 4500 | ||
|---|---|---|---|
| 001 | 3468191 | ||
| 005 | 20250122091549.0 | ||
| 008 | 930112s1993 caua b 001 0 eng c | ||
| 020 | _a0803951205 (cl.) | ||
| 020 | _a0803951213 (pbk.) | ||
| 050 | 0 | 0 |
_aR727.3 _b.M65 1993 |
| 082 | 0 | 0 |
_a601.69/6 _220 |
| 100 | 1 | _aMontgomery, Carol Leppanen. | |
| 245 | 1 | 0 |
_aHealing through communication : _bthe practice of caring / _cCarol Leppanen Montgomery. |
| 260 |
_aNewbury Park, Calif. : _bSage Publications, _cc1993. |
||
| 300 |
_axii, 148 p. : _bill. ; _c23 cm. |
||
| 650 | 0 | _aCaring. | |
| 650 | 0 | _aMedical personnel and patient. | |
| 650 | 0 |
_aPatients _xPsychology. |
|
| 650 | 0 |
_aCaregivers _xPsychology. |
|
| 650 | 2 | _aCommunication. | |
| 650 | 2 | _aProfessional-Patient Relations. | |
| 650 | 2 |
_aCaregivers _xpsychology. |
|
| 856 | 4 | 2 |
_3Publisher description _uhttp://www.loc.gov/catdir/enhancements/fy0655/93012056-d.html |
| 856 | 4 | 1 |
_3Table of contents only _uhttp://www.loc.gov/catdir/enhancements/fy0655/93012056-t.html |
| 942 |
_2lcc _cBK _n0 |
||
| 999 |
_c2756 _d2756 |
||